| 000 | 01442pam a2200349 a 4500 | ||
|---|---|---|---|
| 001 | 1614246 | ||
| 003 | OSt | ||
| 005 | 20240625144039.0 | ||
| 008 | 950208s1995 enka bs 001 0 eng | ||
| 010 | _a 95006974 | ||
| 020 | _a0415103797 | ||
| 040 |
_aDLC _cmust _dDLC |
||
| 043 |
_ae-fr--- _ae-gx--- |
||
| 082 | 0 | 0 |
_a338.8/8 SAL 1995 _220 |
| 100 | 1 |
_aSally, Razeen, _d1965- _917843 |
|
| 245 | 1 | 0 |
_aStates and firms : _bmultinational enterprises in institutional competition / _cRazeen Sally. |
| 260 |
_aLondon ; _aNew York : _bRoutledge, _c1995. |
||
| 300 |
_axi, 254 p. : _bill. ; _c23 cm. |
||
| 440 | 0 |
_aRoutledge studies in international business and the world economy, _x1349-7906 ; _v1 _917844 |
|
| 500 | _aRevision of the author's thesis (Ph.D.)--London School of Economics, 1992. | ||
| 504 | _aIncludes bibliographical references (p. 233-241) and indexes. | ||
| 650 | 0 |
_aInternational business enterprises. _93738 |
|
| 650 | 0 |
_aCorporations, French. _917845 |
|
| 650 | 0 |
_aCorporations, German. _917846 |
|
| 650 | 0 |
_aChemical industry. _917847 |
|
| 650 | 0 |
_aElectronic industries. _917848 |
|
| 650 | 0 |
_aCompetition, International. _91910 |
|
| 856 | 4 | 2 |
_3Publisher description _uhttp://www.loc.gov/catdir/enhancements/fy0648/95006974-d.html |
| 906 |
_a7 _bcbc _corignew _d1 _eocip _f19 _gy-gencatlg |
||
| 942 |
_2ddc _cO_SHELF |
||
| 999 |
_c8830 _d8830 |
||